| 000 | 00399 a2200157 4500 | ||
|---|---|---|---|
| 020 | _a9695190936 | ||
| 082 | _a909.097671 | ||
| 090 |
_c5967 _d5967 |
||
| 100 | _aIrving,T.B. | ||
| 245 |
_aIslam Resurgent:The Islamic World Today. _cProf.T.B.Irving. |
||
| 250 | _a2nd. | ||
| 260 |
_aLahore. _bSuhail Academy. _c2005. |
||
| 300 | _a300p. | ||
| 500 | _aHardcover. | ||
| 942 |
_aNBS _cBK _k909.097671 IRV |
||
| 999 |
_c348357 _d348357 |
||